[Event "06 X 02"]
[Site "http://www.queenalice.com/game.php?id=415194"]
[Date "2008.6.9"]
[Round "-"]
[White "Lx"]
[Black "klebert_jordan"]
[Result "1-0"]
[WhiteElo "1486"]
[BlackElo "1548"]

1. e4 e5 2. Nc3 d6 3. d4 Qe7 4. d5 Nf6 5. Be2 Ng8 6. Nf3 h6 7. O-O f6 8. Bb5+
Bd7 9. a4 Bxb5 10. axb5 b6 11. Qd3 g5 12. b4 h5 13. Qc4 Nh6 14. h4 g4 15. Ng5
fxg5 16. Bxg5 Qg7 17. Ne2 Ng8 18. Ng3 Qd7 19. Nf5 Bh6 20. g3 Bxg5 21. hxg5 Ne7
22. Ng7+ Kd8 23. Ne6+ Kc8 24. f4 Ng6 25. f5 Nf8 26. g6 Nxe6 27. fxe6 Qd8 28. Rf7
Nd7 29. Qc6 Kb8 30. Rxd7 Qc8 31. g7 Rg8 32. Rf1 a5 33. Rf8 Ka7 34. Rxc8 Raxc8
35. Rxc7+ Rxc7 36. Qxc7+ Ka8 37. Qf7 Rc8 38. g8=Q Kb8 39. Qge8 Rxe8 40. Qxe8+
Kc7 41. e7 axb4 42. Qd8+ Kb7 43. e8=Q Ka7 44. Qdd7# 1-0

[Event "Challenge"]
[Site "http://www.queenalice.com/game.php?id=417536"]
[Date "2008.6.14"]
[Round "-"]
[White "Jose_antonio"]
[Black "Lx"]
[Result "1-0"]
[WhiteElo "1565"]
[BlackElo "1504"]

1. e4 e5 2. Bc4 Nf6 3. d3 d5 4. exd5 Nxd5 5. Nf3 Nf4 6. Bxf4 exf4 7. O-O Bd6 8.
Re1+ Be7 9. Ng5 O-O 10. Nxf7 Rxf7 11. Nc3 Nc6 12. Qh5 g6 13. Qf3 Nd4 14. Qd1 Qd6
15. Ne4 Qe5 16. Bxf7+ Kxf7 17. c3 Nf5 18. Ng5+ Bxg5 19. Rxe5 Kf6 20. Re8 Nd6 21.
Re1 Bf5 22. Qb3 Bxd3 23. Qe6+ Kg7 24. Qd7+ Kf6 25. Qxc7 Nf5 26. Rad1 Ba6 27. Rd8
Rxd8 28. Qxd8+ Kg7 29. Qxg5 b5 30. Rd1 Bc8 31. Qxf4 a5 32. Qc7+ 1-0

[Event "06 x 03"]
[Site "http://www.queenalice.com/game.php?id=421280"]
[Date "2008.6.21"]
[Round "-"]
[White "Lx"]
[Black "klebert_jordan"]
[Result "0-1"]
[WhiteElo "1504"]
[BlackElo "1516"]

1. e4 e5 2. Nc3 c6 3. Qh5 d6 4. Bc4 Qe7 5. d3 Nf6 6. Qg5 h6 7. Qh4 b5 8. Bb3 a5
9. Na4 bxa4 10. Bxa4 Ng4 11. Nf3 Qf6 12. Bg5 Qe6 13. Bb3 Qg6 14. O-O Qh7 15. Qh5
g6 16. Qh4 hxg5 17. Qxg5 Nxh2 18. Nxe5 Nf3+ 19. Nxf3 Qh1# 0-1

[Event "07 x 03 "]
[Site "http://www.queenalice.com/game.php?id=422373"]
[Date "2008.6.24"]
[Round "-"]
[White "Lx"]
[Black "klebert_jordan"]
[Result "0-1"]
[WhiteElo "1473"]
[BlackElo "1532"]

1. e4 e5 2. Qh5 d6 3. Nf3 Nf6 4. Qh4 Bg4 5. Be2 Bxf3 6. Bxf3 Nc6 7. c3 Qe7 8. d4
exd4 9. cxd4 Nxd4 10. Na3 Nf5 11. Qg5 Nd4 12. Be3 Nxf3+ 13. gxf3 Qe5 14. O-O
Qxb2 15. Nb5 h6 16. Qf4 Qxb5 17. Rab1 Qa6 18. e5 O-O-O 19. exd6 Bxd6 20. Qg4+
Nxg4 21. fxg4 Qxa2 22. f4 g5 0-1

[Event "08 x 03 - OctaCampeão. "]
[Site "http://www.queenalice.com/game.php?id=424978"]
[Date "2008.6.29"]
[Round "-"]
[White "Lx"]
[Black "klebert_jordan"]
[Result "1-0"]
[WhiteElo "1457"]
[BlackElo "1597"]

1. e4 e5 2. Nc3 d6 3. d4 Nc6 4. d5 Nb8 5. Bd3 Nf6 6. Qf3 Bg4 7. Qg3 Bd7 8. Nf3
Ng4 9. O-O Qf6 10. Bg5 Qg6 11. Nb5 Na6 12. b4 f6 13. Be3 Nxe3 14. fxe3 Kd8 15.
Nh4 Qf7 16. Nf5 Bxf5 17. Rxf5 Nxb4 18. a3 Na6 19. Be2 g6 20. Rff1 Nc5 21. Qh4
Na4 22. Rxf6 Be7 23. Raf1 Bxf6 24. Rxf6 Rf8 25. Rxf7+ Ke8 26. Qe7# 1-0

[Event "Challenge"]
[Site "http://www.queenalice.com/game.php?id=426840"]
[Date "2008.7.3"]
[Round "-"]
[White "RicardoFialho"]
[Black "Lx"]
[Result "1-0"]
[WhiteElo "1549"]
[BlackElo "1479"]

1. e4 d5 2. exd5 Qxd5 3. Nc3 Qd8 4. Nf3 e6 5. Bb5+ c6 6. Bc4 Bb4 7. d3 Bxc3+ 8.
bxc3 Ne7 9. O-O O-O 10. Re1 Ng6 11. d4 Qd6 12. Bd3 Nd7 13. Bd2 e5 14. dxe5 Ndxe5
15. Nxe5 Nxe5 16. Bf4 Bg4 17. Qxg4 Rae8 18. Bxe5 Rxe5 19. Rxe5 Qxe5 20. Qh4 g6
21. Qd4 Re8 22. Qxe5 Rxe5 23. c4 b5 24. cxb5 cxb5 25. g3 a5 26. a3 Rc5 27. Rb1
b4 28. axb4 axb4 29. Rxb4 h5 30. Rc4 Ra5 31. Rc8+ Kg7 32. c4 g5 33. c5 h4 34. c6
h3 35. Kf1 f5 36. Bb1 f4 37. gxf4 gxf4 38. Ke2 Ra3 39. Rd8 Rc3 40. Rd7+ Kf8 41.
c7 Ke8 42. Bf5 Rc5 43. Rd8+ Ke7 44. c8=Q Rxc8 45. Rxc8 Kf6 46. Rc5 Kg5 47. Kf3
Kh4 48. Kxf4 Kh5 49. Rc6 Kh4 50. Rh6# 1-0

[Event "08 x 04"]
[Site "http://www.queenalice.com/game.php?id=428183"]
[Date "2008.7.5"]
[Round "-"]
[White "klebert_jordan"]
[Black "Lx"]
[Result "0-1"]
[WhiteElo "1533"]
[BlackElo "1468"]

1. e4 e5 2. Qh5 d5 3. Qxe5+ Be6 4. exd5 Qxd5 5. Qxc7 Bd6 6. Qc3 Be5 7. Qd3 Qa5
8. Na3 Qc7 9. Nb5 Qa5 10. Qe4 Nc6 11. Nf3 f6 12. Bc4 Bxc4 13. Qxc4 Nge7 14. O-O
a6 15. Na3 b5 16. Qc5 O-O 17. c3 b4 18. cxb4 Qxb4 19. Qc4+ Kh8 20. d3 Rfc8 21.
Nc2 Qd6 22. Nxe5 Nxe5 23. Qd4 Nf5 24. Qa4 h5 25. Bf4 Qc6 26. Qb3 Rab8 27. Nb4
Rxb4 28. Qxb4 Nxd3 29. Qc3 Nxf4 30. Qxc6 Rxc6 31. b4 Ne2+ 32. Kh1 h4 33. Rae1
Nfd4 34. Rd1 Rc2 35. a3 Rc4 36. Rd3 g5 37. Re1 f5 38. Re3 g4 39. R1xe2 Nxe2 40.
Rxe2 Rc1+ 0-1

[Event "Challenge"]
[Site "http://www.queenalice.com/game.php?id=428295"]
[Date "2008.7.6"]
[Round "-"]
[White "rogerio_88"]
[Black "Lx"]
[Result "0-1"]
[WhiteElo "1247"]
[BlackElo "1504"]

1. f3 e5 2. e4 Nc6 3. Ne2 Be7 4. Ng3 d5 5. d4 Nxd4 6. c3 Ne6 7. exd5 Nf6 8. c4
Nf4 9. Qa4+ Bd7 10. Qb3 a5 11. Qxb7 O-O 12. Nc3 Bb4 13. a3 Rb8 14. Qa7 Bxc3+ 15.
bxc3 Re8 16. Qxa5 e4 17. fxe4 Nxe4 18. Kd1 Nf2+ 19. Kd2 Nxh1 20. Nxh1 Bg4 21.
Ng3 Re5 22. Qa4 Rb6 23. h3 Bf5 24. Kd1 Bd3 25. Bxf4 Rb2 26. Bxd3 Re8 27. Qc6 Qe7
28. Ne4 Rxg2 29. a4 Rg1+ 30. Kd2 Rxa1 31. Bd6 cxd6 32. Nxd6 Qe1+ 33. Kc2 Rc1+
34. Kb3 Qxc3+ 35. Ka2 Ra1# 0-1

[Event "Challenge"]
[Site "http://www.queenalice.com/game.php?id=441649"]
[Date "2008.7.31"]
[Round "-"]
[White "Lx"]
[Black "Dinhobergha"]
[Result "0-1"]
[WhiteElo "1525"]
[BlackElo "1683"]

1. e4 c5 2. d4 cxd4 3. Qxd4 Nc6 4. Qd1 e5 5. Nf3 Nf6 6. Ng5 Bc5 7. Qe2 Nd4 8.
Qc4 Qe7 9. Bd3 O-O 10. O-O h6 11. Nf3 Nxf3+ 12. gxf3 Nh5 13. Be3 Bxe3 14. fxe3
Qg5+ 15. Kh1 Qxe3 16. a4 Nf4 17. Nc3 d6 18. Rfe1 Qxf3+ 0-1

[Event "AUTO-INT-893"]
[Site "http://www.queenalice.com/game.php?id=468967"]
[Date "2008.9.26"]
[Round "2"]
[White "EmperorTanner"]
[Black "Lx"]
[Result "0-1"]
[WhiteElo "1587"]
[BlackElo "1607"]

1. e4 e5 2. d4 d6 3. dxe5 dxe5 4. Qxd8+ Kxd8 5. Nf3 Nf6 6. Nxe5 Be6 7. Nc3 Bb4
8. a3 Bxc3+ 9. bxc3 Re8 10. Bb5 c6 11. Bc4 Bxc4 12. Nxc4 Rxe4+ 13. Ne3 Ng4 14.
f3 Nxe3 15. fxe4 Nxc2+ 16. Kd1 Nxa1 17. Bg5+ f6 18. Bf4 g6 19. Kc1 Nb3+ 20. Kb2
Nc5 21. Rd1+ Nbd7 22. e5 f5 23. Be3 Ne6 24. Rd6 f4 25. Bf2 Ke7 26. Bh4+ g5 27.
Bf2 Nxe5 28. Rd2 Nc4+ 29. Kc2 Nxd2 30. Kxd2 Rd8+ 31. Kc2 b5 32. Bxa7 Kd6 33. Bb6
Ra8 34. Kb3 Ra4 35. h3 Nc5+ 36. Bxc5+ Kxc5 37. g4 fxg3 0-1

[Event "AUTO-INT-893"]
[Site "http://www.queenalice.com/game.php?id=468968"]
[Date "2008.9.26"]
[Round "2"]
[White "Lx"]
[Black "EmperorTanner"]
[Result "1-0"]
[WhiteElo "1535"]
[BlackElo "1579"]

1. e4 d5 2. e5 Nc6 3. d4 f6 4. Bf4 fxe5 5. dxe5 g5 6. e6 Bxe6 7. Bxg5 Bh6 8.
Qh5+ Bf7 9. Qg4 Bxg5 10. Qxg5 Nd4 11. Bd3 e6 12. Qg7 Bg6 13. Na3 Nf6 14. Bxg6+
hxg6 15. Qxh8+ Ke7 16. Qg7+ Ke8 17. Qxg6+ Kf8 18. Nf3 Nxf3+ 19. gxf3 Ne8 20.
Qxe6 Ng7 21. Qh6 Qe7+ 22. Kf1 Re8 23. Rd1 Qe2+ 24. Kg2 Qe7 25. Rxd5 Qf7 26. Rhd1
c6 27. Rd8 Rxd8 28. Rxd8+ Ke7 29. Qd6# 1-0

[Event "AUTO-INT-893"]
[Site "http://www.queenalice.com/game.php?id=468973"]
[Date "2008.9.26"]
[Round "2"]
[White "Lx"]
[Black "Brenno"]
[Result "1-0"]
[WhiteElo "1553"]
[BlackElo "1855"]

1. e4 Nf6 2. e5 Nd5 3. d4 d6 4. Bc4 Nb6 5. Na3 dxe5 6. d5 e6 7. dxe6 Qxd1+ 8.
Kxd1 Bxa3 9. exf7+ Kf8 10. Bb3 Bc5 11. Nf3 Bg4 12. Re1 Nc6 13. Be3 Bxe3 14. Rxe3
1-0

[Event "AUTO-INT-893"]
[Site "http://www.queenalice.com/game.php?id=468974"]
[Date "2008.9.26"]
[Round "2"]
[White "Brenno"]
[Black "Lx"]
[Result "0-1"]
[WhiteElo "1827"]
[BlackElo "1581"]

1. e4 e5 2. Nf3 Nc6 3. Nc3 Bc5 4. Bc4 Nh6 5. d3 Ng4 6. O-O Nxf2 7. Rxf2 Bxf2+ 8.
Kxf2 O-O 9. Bg5 Qe8 10. Nd5 d6 11. Nxc7 Qd7 12. Nxa8 h6 13. Be3 g5 14. h3 g4 15.
hxg4 Qxg4 0-1

[Event "Challenge"]
[Site "http://www.queenalice.com/game.php?id=486289"]
[Date "2008.11.1"]
[Round "-"]
[White "miguelnalexandre"]
[Black "Lx"]
[Result "1-0"]
[WhiteElo "1912"]
[BlackElo "1622"]

1. e4 e5 2. f4 exf4 3. Nf3 d5 4. exd5 Qxd5 5. Nc3 Qe6+ 6. Kf2 Nc6 7. Nb5 Bd6 8.
c3 a6 9. Nbd4 Bc5 10. Bd3 Nf6 11. Re1 Ng4+ 12. Kf1 Ne3+ 13. dxe3 Qd5 14. c4 Qd6
15. exf4+ Be6 16. Nf5 Qd7 17. Nxg7+ Kf8 18. Nxe6+ fxe6 19. Ng5 Re8 20. Be3 Nd4
21. Qh5 Re7 22. Nxh7+ Rexh7 23. Qxc5+ Ke8 24. Bxh7 Rxh7 25. Qxd4 Qe7 26. Bg1 Qd7
27. Qf6 Rf7 28. Rxe6+ Kf8 29. Qh8# 1-0

[Event "Challenge"]
[Site "http://www.queenalice.com/game.php?id=869455"]
[Date "2010.12.8"]
[Round "-"]
[White "Lx"]
[Black "JORDAN23"]
[Result "1-0"]
[WhiteElo "1618"]
[BlackElo "1525"]

1. e4 e5 2. d4 Bb4+ 3. c3 Be7 4. dxe5 Nc6 5. Nf3 Bc5 6. Be3 Bxe3 7. fxe3 Nh6 8.
h3 O-O 9. Nbd2 d6 10. Nc4 Be6 11. exd6 cxd6 12. Nxd6 b6 13. Bc4 Qd7 14. Ng5 Bxc4
15. Nxc4 Qe7 16. O-O Qxg5 17. Qd6 b5 18. Rad1 bxc4 19. Qxc6 Qxe3+ 20. Kh1 Qe2
21. b3 Qxe4 22. Qxe4 1-0

[Event "Challenge"]
[Site "http://www.queenalice.com/game.php?id=1106328"]
[Date "2012.9.25"]
[Round "-"]
[White "Lazarus"]
[Black "Lx"]
[Result "1-0"]
[WhiteElo "1605"]
[BlackElo "1630"]

1. e4 e5 2. f4 exf4 3. Nf3 Nf6 4. Nc3 Bd6 5. Bc4 c6 6. d4 O-O 7. O-O b5 8. Bb3
Ng4 9. e5 b4 10. Ne4 Ba6 11. c4 bxc3 12. Nxd6 cxb2 13. Bxb2 Ne3 14. Qd2 Nxf1 15.
Qxf4 Nd2 16. Qxd2 c5 17. Rf1 Nc6 18. Rf2 Qa5 19. Qf4 Nxd4 20. Nxd4 cxd4 21. Nxf7
1-0

[Event "Challenge"]
[Site "http://www.queenalice.com/game.php?id=1106330"]
[Date "2012.9.25"]
[Round "-"]
[White "Lx"]
[Black "Lazarus"]
[Result "0-1"]
[WhiteElo "1613"]
[BlackElo "1622"]

1. e4 c5 2. Nf3 d6 3. e5 Nc6 4. d4 e6 5. Bg5 f6 6. exf6 Nxf6 7. Bb5 Bd7 8. Nc3
Be7 9. d5 exd5 10. Nxd5 O-O 11. Bc4 Kh8 12. O-O Nxd5 13. Qxd5 Rf5 14. Bxe7 Qxe7
15. Rae1 Qf6 16. Re6 Bxe6 17. Qxe6 Qf8 18. Qd7 Re8 19. Qxb7 Nd4 20. Nxd4 cxd4
21. Qxa7 Qf6 22. g4 Rf4 23. b4 Rf8 24. f3 d5 25. Bxd5 Rxg4+ 26. Kh1 Re8 27. b5
Qe5 28. Qa5 Qxd5 29. Qa6 Qxf3+ 0-1